01109nam a22001697a 450000500170000002000180001703700530003508200060008810000320009424500770012625000120020326000350021527000600025030000270031052005740033770000280091120110805093049.0 a978057117549X bAllied/DE2010/CR/2777/16.3.11/280/4.3.11/30.3.1100aN2 aVargas Llosa, Mario,d1936-10aDeath in the Andes /cMario Vargas Llosa ; translated by Edith Grossman. a1st ed. aLondon:bFaber & Faber,c1996. aBloomsburry House, 74-77, Great RussellStreet, bLondon a247 p. ;c20 cm. (Pbk)1 a"In this novel, simultaneous plot lines ranging from an investigation by Corporal Lituma of a mysterious disappearance, to his deputy's love affair with a prostitute, to an Andean community terrorized by Shining Path guerrillas, and the alternating first- and third-person narrators all obscure coherence. Grossman's lazy translation needlessly retains large doses of original Spanish lexicon. An introduction, maps, and a translator's note are badly needed to orient readers not familiar with Peru"--Handbook of Latin American Studies, v. 58.uhttp://www.loc.gov/hlas/1 aGrossman, Edith,d1936-